Negyven éve adták át az első Kossuth-díjakat. Száztízen, hat kategóriában

Elmentve itt :
Bibliográfiai részletek
Szerző: T. I.
Dokumentumtípus: Cikk
Megjelent: Népszava Lap- és Könyvkiadó 1988-03-16
Sorozat:Népszava : a Magyar Szakszervezetek Központi Lapja 116 No. 64
Online Access:http://misc.bibl.u-szeged.hu/74278
LEADER 00698nab a2200181 i 4500
001 misc74278
005 20231121102814.0
008 231121s1988 hu o 000 hun d
022 |a 0133-1701 
040 |a SZTE Miscellanea Repozitórium  |b hun 
041 |a hun 
100 1 |a T. I. 
245 1 0 |a Negyven éve adták át az első Kossuth-díjakat. Száztízen, hat kategóriában  |h [elektronikus dokumentum] /  |c  T. I. 
260 |a Népszava Lap- és Könyvkiadó  |c 1988-03-16 
300 |a 6 
490 0 |a Népszava : a Magyar Szakszervezetek Központi Lapja  |v 116 No. 64 
561 |a Szent-Györgyi Albertről szóló irodalom 
856 4 0 |u http://misc.bibl.u-szeged.hu/74278/1/szgya_1988_042.pdf  |z Dokumentum-elérés